000 00801nam a22002177a 4500
005 20240530110933.0
008 220221s2006 ua c g b 000 0 ara d
017 _bمصر. دار الكتب
040 _aEG-CaGPL
_cEG-CaGPL
082 0 4 _221
_a352.2 /
_bح ت
100 0 1 _aحسين محمود حريم
245 1 0 _aتصميم المنظمة :
_bالهيكل التنظيمى واجراءات العمل /
_cتاليف حسين محمود حريم
260 _aالاردن :
_bدار الحامد للنشر والتوزيع،
_c2006
300 _a390 ص ؛
_c24 سم
650 0 7 _aالهيكل التنظيمى
_2qrmak
650 0 7 _aفريق العمل
_2qrmak
650 0 7 _aالتفويض
_2qrmak
651 _2qrmak
942 _2ddc
_cBK
999 _c66690
_d66690